The fast and the furious / Universal Pictures ... Read More
Available copies
- 1 of 1 copy available at LARL/NWRL Consortium.
Current holds
0 current holds with 1 total copy.
View other formats and editions
Show Only Available Copies
| Location | Call Number / Copy Notes | Barcode | Shelving Location | Status | Due Date |
|---|---|---|---|---|---|
| Thief River Falls Public Library | DVD FAS (Text) | 35500006343626 | Main | Available | - |
Record details
- ISBN: 0783257902
- ISBN: 9780783257907
- ISBN: 0783282915 (full screen ed.)
- Physical Description: 1 videodisc (107 min.) : sound, color ; 4 3/4 in.
- Edition: Collector's ed.
- Publisher: [United States] : Universal Pictures, [2001]
Content descriptions
| General Note: | Special features: storyboards to final feature comparison; exclusive demo of Activision's hot new ... Read More |
| Creation/Production Credits Note: | Director of photography, Ericson Core ; editor, ... Read More |
| Participant or Performer Note: | Vin Diesel, Paul Walker, Michelle Rodriguez, ... Read More |
| Summary, etc.: | Every night is a championship race on the ... Read More |
| Target Audience Note: | MPAA rating: PG-13. |
| Additional Physical Form available Note: | Also issued on VHS. |
| System Details Note: | DVD, NTSC, Dolby surround; anamorphic widescreen ... Read More |
| Language Note: | In English or French with optional English ... Read More |
Search for related items by subject
| LDR | 05105cgm a2200877Ia 4500 | ||
|---|---|---|---|
| 001 | 172241 | ||
| 003 | LARL_NWRL_CONSORTIUM | ||
| 005 | 20201012204622.0 | ||
| 008 | 011227s2001 xxu107 g vleng d | ||
| 007 | vd cgaizq | ||
| 040 | . | ‡aTEF ‡beng ‡cTEF ‡dMFM ‡dJED ‡dOCLCQ ‡dOCLCG ‡dKZV ‡dOCLCG ‡dVP@ ‡dRIOSL ‡dOCLCQ ‡dWAU ‡dYDXCP ‡dYLC ‡dOCLCA ‡dGK8 ‡dWVF ‡dWAU ‡dOCLCA ‡dOCLCF ‡dOCLCO ‡dOCL ‡dOCLCO ‡dOCLCQ ‡dOCLCO ‡dOCL ‡dOCLCO ‡dO3A ‡dAZFX8 ‡dBDX ‡dTDS ‡dBSBPL ‡dOCLCO ‡dTXMLI ‡dOCLCO ‡dGL3 | |
| 019 | . | ‡a50911793 ‡a642401614 ‡a664148557 ‡a965588512 ‡a971905428 ‡a976170724 | |
| 020 | . | ‡a0783257902 | |
| 020 | . | ‡a9780783257907 | |
| 020 | . | ‡a0783282915 (full screen ed.) | |
| 024 | 1 | . | ‡a025192127021 |
| 024 | 1 | . | ‡a025192309021 |
| 028 | 4 | 2. | ‡a21270 ‡bUniversal Pictures |
| 035 | . | ‡a(OCoLC)48667672 ‡z(OCoLC)50911793 ‡z(OCoLC)642401614 ‡z(OCoLC)664148557 ‡z(OCoLC)965588512 ‡z(OCoLC)971905428 ‡z(OCoLC)976170724 | |
| 041 | 1 | . | ‡aeng ‡afre ‡jeng ‡heng |
| 043 | . | ‡an-us-ca | |
| 082 | 0 | 4. | ‡a791.43/72 ‡221 |
| 130 | 0 | . | ‡aFast and the furious (Motion picture) |
| 245 | 1 | 4. | ‡aThe fast and the furious / ‡cUniversal Pictures presents in association with Mediastream Film, a Neal H. Moritz production, a Rob Cohen film ; producer, Neal H. Moritz ; screenplay writers, Gary Scott Thompson, Erik Bergquist, David Ayer ; director, Rob Cohen. |
| 246 | 3 | . | ‡aFast & the furious |
| 250 | . | ‡aCollector's ed. | |
| 260 | . | ‡a[United States] : ‡bUniversal Pictures, ‡c[2001] | |
| 300 | . | ‡a1 videodisc (107 min.) : ‡bsound, color ; ‡c4 3/4 in. | |
| 336 | . | ‡atwo-dimensional moving image ‡btdi ‡2rdacontent | |
| 337 | . | ‡avideo ‡bv ‡2rdamedia | |
| 338 | . | ‡avideodisc ‡bvd ‡2rdacarrier | |
| 538 | . | ‡aDVD, NTSC, Dolby surround; anamorphic widescreen 2.35:1. | |
| 546 | . | ‡aIn English or French with optional English captions for the hearing impaired; closed-captioned. | |
| 511 | 1 | . | ‡aVin Diesel, Paul Walker, Michelle Rodriguez, Jordana Brewster, Rick Yune, Chad Lindberg, Johnny Strong, Matt Schulze, Ja Rule, Ted Levine. |
| 508 | . | ‡aDirector of photography, Ericson Core ; editor, Peter Honess ; music, BT ; costume designer, Sanja Milkovic Hays ; production designer, Waldemar Kalinowski. | |
| 521 | 8 | . | ‡aMPAA rating: PG-13. |
| 530 | . | ‡aAlso issued on VHS. | |
| 520 | . | ‡aEvery night is a championship race on the turbo-charged streets of Los Angeles. Dominic and Johnny are rivals who are the boldest, the baddest, the best, and turn their challengers into dust. Along comes a challenger. Dominic and Johnny know that he is tough and fast, what they don't know is that he is a speed demon detective trying to bust up a theft ring. | |
| 500 | . | ‡aSpecial features: storyboards to final feature comparison; exclusive demo of Activision's hot new racing game "Supercar street challenge"; in-depth personal commentaries from director Rob Cohen including deleted scenes; interactive eight camera angle stunt sequence; the making of "The fast and the furious"; hard driving music videos including: Ja Rule "Furious", Caddillac Tah "POV city anthem", Saliva "Click, click, boom"; watch the movie magic interactive special effects to see how movies are made; visual effects montage featuring the first race; exclusive featurette on editing; high-octane trailer; Racer X: the article that inspired the movie. | |
| 650 | 0. | ‡aAutomobile racing ‡zCalifornia ‡zLos Angeles ‡vDrama. | |
| 650 | 0. | ‡aCriminal investigation ‡vDrama. | |
| 650 | 0. | ‡aDetectives ‡zCalifornia ‡zLos Angeles ‡vDrama. | |
| 650 | 0. | ‡aAction and adventure films. ‡0(LARL_NWRL_CONSORTIUM)12827 | |
| 650 | 7. | ‡aAction and adventure films ‡2fast ‡0(LARL_NWRL_CONSORTIUM)12827 | |
| 650 | 7. | ‡aAutomobile racing. ‡2fast ‡0(LARL_NWRL_CONSORTIUM)14404 | |
| 650 | 7. | ‡aCriminal investigation. ‡2fast ‡0(LARL_NWRL_CONSORTIUM)18015 | |
| 650 | 7. | ‡aDetectives. ‡2fast ‡0(LARL_NWRL_CONSORTIUM)18464 | |
| 651 | 7. | ‡aCalifornia ‡zLos Angeles. ‡2fast | |
| 650 | 4. | ‡aFrench language materials. ‡0(LARL_NWRL_CONSORTIUM)175994 | |
| 650 | 7. | ‡aFilms for the hearing impaired. ‡0(LARL_NWRL_CONSORTIUM)18267 | |
| 650 | 7. | ‡aCriminal investigation ‡vDrama. | |
| 655 | 4. | ‡aFeature films ‡zUnited States. | |
| 655 | 7. | ‡aAction and adventure films. ‡2lcgft ‡0(LARL_NWRL_CONSORTIUM)175617 | |
| 655 | 7. | ‡aFiction films. ‡2lcgft ‡0(LARL_NWRL_CONSORTIUM)175626 | |
| 655 | 7. | ‡aFeature films. ‡2lcgft ‡0(LARL_NWRL_CONSORTIUM)175625 | |
| 655 | 7. | ‡aVideo recordings for the hearing impaired. ‡2lcgft ‡0(LARL_NWRL_CONSORTIUM)175744 | |
| 655 | 7. | ‡aFeature films. ‡2gsafd ‡0(LARL_NWRL_CONSORTIUM)175625 | |
| 655 | 7. | ‡aAction and adventure films. ‡2fast ‡0(LARL_NWRL_CONSORTIUM)175617 | |
| 655 | 7. | ‡aDrama. ‡2fast | |
| 655 | 7. | ‡aVideo recordings for the hearing impaired. ‡2fast ‡0(LARL_NWRL_CONSORTIUM)175744 | |
| 700 | 1 | . | ‡aMoritz, Neal H. ‡4pro ‡0(LARL_NWRL_CONSORTIUM)144807 |
| 700 | 1 | . | ‡aThompson, Gary Scott. ‡4aus ‡0(LARL_NWRL_CONSORTIUM)211332 |
| 700 | 1 | . | ‡aBergquist, Erik. ‡4aus ‡0(LARL_NWRL_CONSORTIUM)211333 |
| 700 | 1 | . | ‡aAyer, David. ‡4aus ‡0(LARL_NWRL_CONSORTIUM)148196 |
| 700 | 1 | . | ‡aCohen, Rob, ‡d1949- ‡4drt ‡0(LARL_NWRL_CONSORTIUM)141986 |
| 700 | 1 | . | ‡aDiesel, Vin. ‡4act ‡0(LARL_NWRL_CONSORTIUM)137222 |
| 700 | 1 | . | ‡aWalker, Paul, ‡d1973-2013. ‡4act |
| 700 | 1 | . | ‡aRodriguez, Michelle. ‡4act ‡0(LARL_NWRL_CONSORTIUM)147129 |
| 700 | 1 | . | ‡aBrewster, Jordana, ‡d1980- ‡4act ‡0(LARL_NWRL_CONSORTIUM)136334 |
| 700 | 0 | . | ‡aB. T. ‡q(Brian Transeau), ‡d1971- ‡4cmp ‡0(LARL_NWRL_CONSORTIUM)205686 |
| 710 | 2 | . | ‡aMediastream Film (Firm) |
| 710 | 2 | . | ‡aUniversal Pictures (Firm) ‡0(LARL_NWRL_CONSORTIUM)76903 |
| 856 | 4 | 2. | ‡uhttp://www.mrqe.com/movies/m100013081 ‡zConnect to reviews of this title online |
| 901 | . | ‡a172241 ‡bOCoLC ‡c172241 ‡tbiblio | |

Add to basket
Permalink
Disable Highlighting